000 00617nam a22001817a 4500
003 AR-RoIUNI
005 20181218145245.0
008 180326b xxu||||| |||| 00| 0 spa d
040 _cIUNIR
080 _a37 CON
245 1 _aConferencia mundial de Educaion Superior 2009
_bLas nuevas dinamicas de la edcacion superior y de la investigacion para el cambio social y el desarrollo
260 _aBuenos Aires
_bBede's Grammar School
_c[2009]
300 _a66 p.
_c28 cm.
500 _aUnesco, Paris, 5-8 de julio de 2009
650 _aeducacion internacional
650 1 0 _9489
_aEducación Superior
942 _2cdu
_cBK
999 _c3766
_d3766